000 00464nam a2200193Ia 4500
003 LK-CoDNM
005 20240729152024.0
008 010623t1916 xxu||||| |||| 00| 1 eng d
040 _aLK-CoDNM
_dLK-CoDNM
_eLK-CoDNM
041 _aeng
080 _a14
_bW17
100 _aGriggs W.
245 _aThe Journal of Indian Art
260 _bW.Griggs Sons Ltd
_aLondon
_c1916
300 _b 88p. : ill ; 37 cm
650 _aArt
650 _aIndia
942 _cBK
999 _c88784
_d88784